Estudios indostanicos
Պահպանված է:
| Հիմնական հեղինակ: | |
|---|---|
| Ձևաչափ: | Գիրք |
| Լեզու: | Undetermined |
| Հրապարակվել է: |
México, Distrito Federal
México Moderno
1921
|
| Խորագրեր: | |
| Ցուցիչներ: |
Ավելացրեք ցուցիչ
Չկան պիտակներ, Եղեք առաջինը, ով նշում է այս գրառումը!
|
MARC
| LEADER | 00000nam a2200000Ia 4500 | ||
|---|---|---|---|
| 008 | 170316s9999 xx 000 0 und d | ||
| 090 | |a 801 V-8e | ||
| 100 | |a Vasconcelos, José | ||
| 245 | |a Estudios indostanicos | ||
| 260 | |a México, Distrito Federal | ||
| 260 | |b México Moderno | ||
| 260 | |c 1921 | ||
| 300 | |a 373 páginas | ||
| 650 | |a TEORÍA LITERARIA | ||
| 999 | |c 20747 |d 20747 | ||
| 040 | |a cru BVZT | ||
| 942 | |c 15 D |h 801 V-8e |2 z | ||
